000 00682nam a2200229Ia 4500
008 160517s9999 xx 000 0 und d
050 _aHF 5821
050 _b.Sa237 2016
100 _aSantos, Gabriel Lorenzo B.
245 4 _aThe influence of the advertising campaigns of the top three shampoo brands on consumer behavior /
245 _cGabriel Lorenzo B. Santos.
260 _aLas PiƱas, Philippines :
260 _bSISC,
260 _c2016.
300 _a47 pages :
300 _billustrations ;
300 _c28 cm.
500 _aIncludes bibliographical references and appendices.
521 _aMass Communication
650 _aAdvertising.
942 _cTH
999 _c293902
_d293902